Los orígenes del hombre americano
Αποθηκεύτηκε σε:
| Κύριος συγγραφέας: | |
|---|---|
| Μορφή: | Βιβλίο |
| Γλώσσα: | Ισπανικά |
| Έκδοση: |
Ciudad de México
Fondo de Cultura Económica
1960
|
| Σειρά: | Colección Popular, 20
|
| Θέματα: | |
| Ετικέτες: |
Προσθήκη ετικέτας
Δεν υπάρχουν, Καταχωρήστε ετικέτα πρώτοι!
|
MARC
| LEADER | 00000nam a2200000 a 4500 | ||
|---|---|---|---|
| 001 | UCX1128 | ||
| 003 | CL-VaPUC | ||
| 008 | 900607e19600000MX |||||||||||||||||spa|d | ||
| 020 | |a 9681607627 | ||
| 082 | 0 | 4 | |a 573.3 |b RIV |2 21 |
| 100 | 0 | |a Rivet, Paul |e author |9 316544 | |
| 245 | 1 | 4 | |a Los orígenes del hombre americano |
| 300 | |a 198 p | ||
| 942 | |c BK | ||
| 945 | |d 19900607 00:00:00 | ||
| 260 | |a Ciudad de México |b Fondo de Cultura Económica |c 1960 | ||
| 650 | 7 | |a HOMBRE PREHISTORICO |2 CL-VaPUC |9 267914 | |
| 650 | 7 | |a ORIGEN DEL HOMBRE |2 CL-VaPUC |9 308324 | |
| 651 | 0 | |a América |9 255182 | |
| 583 | |a last modification |c 20150714 04:55:22 |k Rodrigo Vera | ||
| 490 | 0 | |a Colección Popular, 20 | |
| 999 | |c 222444 |d 222442 | ||
| 952 | |0 0 |1 0 |4 0 |6 573_300000000000000_RIV_1960 |7 0 |8 A |9 217176 |a BIBCUR |b BIBCUR |d 2019-11-15 |i 1763741 |o 573.3 RIV 1960 |p 1763741 |r 2025-04-22 |w 2019-11-15 |y BK |k BCB | ||
| 952 | |0 0 |1 0 |4 0 |6 573_300000000000000_RIV_1960 |7 0 |8 A |9 217177 |a BIBHIS |b BIBHIS |d 2019-11-15 |i 3886344 |o 573.3 RIV 1960 |p 3886344 |r 2025-01-20 |w 2019-11-15 |y BK |k HIS | ||
| 952 | |0 0 |1 0 |4 0 |6 573_300000000000000_RIV_1960 |7 0 |8 A |9 217178 |a BIBEDU |b BIBEDU |d 2019-11-15 |i 4335929 |o 573.3 RIV 1960 |p 4335929 |r 2019-11-15 |w 2019-11-15 |y BK |k LIT | ||
| 952 | |0 0 |1 0 |4 0 |6 573_300000000000000_RIV_1960 |7 0 |8 A |9 217179 |a BIBEDU |b BIBEDU |d 2019-11-15 |i 4335937 |o 573.3 RIV 1960 |p 4335937 |r 2019-11-15 |w 2019-11-15 |y BK |k LIT | ||